000 01099cam a2200313 a 4500
001 989
005 20230815152425.0
008 870421s1987 nyu j 000 1 eng
020 _a0590339532 (pbk.) :
020 _a9780590251594
040 _aDLC
_cDLC
_dOCoLC
_dDLC
_beng
050 0 0 _aPZ7.M3567585
_bMar 1987
082 0 0 _a[Fic]
_219
100 1 _aMartin, Ann M.,
_d1955-
245 1 0 _aMary Anne saves the day /
_cAnn M. Martin.
260 _aNew York :
_bScholastic,
_c1987.
300 _a167 pages :
_c20 cm
490 1 _aThe Baby-sitters Club ;
_vBook 4
500 _a"An Apple paperback."
505 _aP
520 _aWhen a fight breaks out among the members of the Babysitters Club, timid Mary Anne finds herself becoming more assertive as a baby sitter and in her relationships with her father and friends.
521 _a630
_bLexile
521 _aP
_bRaz-Plus
650 1 _aBabysitters and babysitting
_xFiction.
650 1 _aFriendship
_xFiction.
650 1 _aAssertiveness
_xFiction.
906 _a7
_bcbc
_corignew
_d2
_encip
_f19
_gy-gencatlg
942 _2ddc
_cBK
_n0
999 _c989
_d989